Biblioteca "Ernesto Sabato"
Facultad de Derecho y Ciencias Sociales
Facultad de Lenguas
Universidad Nacional del Comahue

Estudios sobre ciudadanía, movilizacón y conflicto social en la Argentina contemporánea (Record no. 36395)

MARC details
000 -CABECERA
campo de control de longitud fija 00796nam a22002897a 4500
003 - IDENTIFICADOR DEL NÚMERO DE CONTROL
campo de control OSt
005 - FECHA Y HORA DE LA ÚLTIMA TRANSACCIÓN
campo de control 20240229134621.0
008 - DATOS DE LONGITUD FIJA--INFORMACIÓN GENERAL
campo de control de longitud fija 240229b ||||| |||| 00| 0 spa d
020 ## - ISBN
Número Internacional Estándar del Libro 978-987-722-981-3
040 ## - FUENTE DE LA CATALOGACIÓN
Centro/agencia transcriptor Biblioteca Ernesto Sábato
092 ## - SIGNATURA TOPOGRÁFICA
Número de clasificación 323
Libristica C697
Sector BDGR
100 ## - Autor Personal
Nombre de persona Collado, Patricia Alejandra
245 ## - MENCIÓN DE TÍTULO
Título Estudios sobre ciudadanía, movilizacón y conflicto social en la Argentina contemporánea
250 ## - MENCIÓN DE EDICIÓN
Mención de edición 1a. ed.
260 ## - PUBLICACIÓN, DISTRIBUCIÓN, ETC. (PIE DE IMPRENTA)
Lugar de publicación, distribución, etc. Buenos Aires
Nombre del editor, distribuidor, etc. Clacso, Pisac
Fecha de publicación, distribución, etc. 2021
300 ## - DESCRIPCIÓN FÍSICA
Paginas 257 p.
440 ## - MENCIÓN DE SERIE/PUNTO DE ACCESO ADICIONAL--TÍTULO
Título Esados de la cuestión
650 ## - Descriptores Tematicos
Término de materia o nombre geográfico como elemento inicial CIUDADANIA
650 ## - Descriptores Tematicos
Término de materia o nombre geográfico como elemento inicial ARGENTINA
650 ## - Descriptores Tematicos
Término de materia o nombre geográfico como elemento inicial SINDICATOS
650 ## - Descriptores Tematicos
Término de materia o nombre geográfico como elemento inicial MOVIMIENTO SOCIAL
650 ## - Descriptores Tematicos
Término de materia o nombre geográfico como elemento inicial
650 ## - Descriptores Tematicos
Término de materia o nombre geográfico como elemento inicial
700 ## - Coautores y traductores
Nombre de persona Bonifacio, José Luis
700 ## - Coautores y traductores
Nombre de persona Vommaro, Gabriel
942 ## - ELEMENTOS DE PUNTO DE ACCESO ADICIONAL (KOHA)
Fuente del sistema de clasificación o colocación Dewey Decimal Classification
Tipo de ítem Koha BDGR
Holdings
Estado de retiro Estado de pérdida Fuente del sistema de clasificación o colocación Estado dañado No para préstamo Localización permanente Ubicación/localización actual Fecha de adquisición Número de inventario Total de préstamos Signatura topográfica completa Código de barras Fecha visto por última vez Precio válido a partir de Tipo de ítem Koha
    Dewey Decimal Classification     Biblioteca Ernesto Sabato - FADECS - UNCOMA Biblioteca Ernesto Sabato - FADECS - UNCOMA 29/02/2024 26800   323 C697 26800 29/02/2024 29/02/2024 BDGR
Facultad de Derecho y Ciencias Sociales | Universidad Nacional del Comahue | Mendoza y Perú General Roca | Río Negro CP (8332) | Patagonia Argentina | Teléfono: 54-0298-4433670 | | Fax: 0298-4432093 | Fax alumnos: 0298-4435700